ห้องสมุด วิทยาลัยพยาบาลบรมราชชนนี อุดรธานี Boromarajonani College of Nursing, Udonthani
mysqli: Table './ulib2015/stat_globaluid' is marked as crashed and last (automatic?) repair failed select id from stat_globaluid where statuid='20260418120718_6' mysqli: Table './ulib2015/stat_globaluid' is marked as crashed and last (automatic?) repair failed DELETE FROM stat_globaluid
WHERE id NOT IN (
SELECT id
FROM (
SELECT id
FROM stat_globaluid
ORDER BY id DESC
LIMIT 100
) foo
); mysqli: Table './ulib2015/stat_globaluid' is marked as crashed and last (automatic?) repair failed insert into stat_globaluid set
statuid='20260418120718_6',
dt='1776488838',
phpself='/ULIB/dublinfull.php',
agent='Mozilla/5.0 AppleWebKit/537.36 (KHTML, like Gecko; compatible; ClaudeBot/1.0; +claudebot@anthropic.com)',
yea='2026',
mon='4',
dat='18',
ip='216.73.216.142'
LEADER 00000nam 2200000uu 4500
001 10510
003 ULIBM
008 250511s2552||||th 000 0 tha d
020 9786117140051
050 4 BQ942^bห313ห
245 ^a ^a1111^bรวมเรื่องเล่า--สิ่งที่เห็น /
250 พิมพ์ครั้งที่ 1
300 (44), 282 หน้า :^bภาพประกอบ
600 07 พระมหาบัว ญาณสัมปันโน,^d2456-
700 0 คุณหลวง
945 ^p0^l0^i35190
945 ^p0^l0^i35191
945 ^p0^l0^i35192
945 ^p0^l0^i35193
999 พรปวีณ์
คุณยังไม่ได้ล็อกอิน คุณสามารถมีกิจกรรมร่วมกับเว็บไซต์ได้ แต่ต้องล็อกอินก่อน ::
ลำดับที่
ประเภท
เลขเรียก /บาร์โค้ด
สถานที่
สถานะ
1.
หนังสือภาษาไทย BQ942 ห313ห 2552 Barcode: 35190 หนังสือทั่วไป On Shelf
2.
หนังสือภาษาไทย BQ942 ห313ห 2552 ฉ.2 Barcode: 35191 หนังสือทั่วไป On Shelf
3.
หนังสือภาษาไทย BQ942 ห313ห 2552 ฉ.3 Barcode: 35192 หนังสือทั่วไป On Shelf
4.
หนังสือภาษาไทย BQ942 ห313ห 2552 ฉ.4 Barcode: 35193 หนังสือทั่วไป On Shelf [แสดง 4/4 รายการ]
mysqli: Can't create/write to file '/var/tmp/#sql_59d_0.MAI' (Errcode: 2) select * from index_db where titl like '%หลวงตาวัดป่าบ้านตาด 3 : รวมเรื่องเล่า--สิ่งที่เห็น / โดยคุณหลวง และคณะ%' and mid<>'10510' order by rand() limit 3
ยังไม่เคยถูกคอมเมนท์
คอมเมนท์ทรัพยากรรายการนี้
JavaScript must be enabled in order for you to use Google Maps.
However, it seems JavaScript is either disabled or not supported by your browser.
To view Google Maps, enable JavaScript by changing your browser options, and then
try again.